000 01205nas a2200361 4500
001 BR2021000324
003 BR-BrBNA
005 20231205132142.0
007 ta
008 230509b bl.|||p| |||| 00| 00por d
040 _aBR-BrBNA
_bpor
_cBiblioteca Nacional de Agricultura
041 _a(Pt)
072 _aP34
100 1 _aBuratto, W.
100 1 _aBuratto, W.
100 1 _aOliveira, A.M. de
100 1 _aOliveira, R. de
100 1 _aCaione, G.
100 1 _aSeben Junior, G. de F.
245 1 _aAplicação foliar de nitrogênio na soja em diferentes fases fenológicas e inoculação com Bradyrhizobium japonicum
650 _aBRADYRHIZOBIUM JAPONICUM
650 _aADUBAÇÃO
650 _aFERTILIZANTE NITROGENADO
650 _aFIXAÇÃO DE NITROGÊNIO
650 _aINOCULANTE
650 _aSOJA
650 _aGLYCINE MAX
773 0 _tNativa. Pesquisas Agrárias e Ambientais (Brazil)
_xISSN 2318-7670
_g(Jul-Aug 2018), v. 6(4) p. 333-337
_wBR2021000324
856 4 0 _uhttps://periodicoscientificos.ufmt.br/ojs/index.php/nativa/article/view/5227/4586
856 4 0 _dLink DSPACE/MAPA BR2021000324
909 _a202311
_bLúcia
_c55
_dLúcia Elande
942 _2AGRIS
_n0
_cANA
999 _c258777
_d258777